000 00382nam a2200133 i 4500
001 bg
100 1 _aTOMIAK, Kazimierz
245 0 _aProjektowanie realizacji inwestycji na etapie założeń technniczo - ekonomicznych :
_bskrypt... /
_cKazimierz Tomiak.
260 _aKraków,
_c1974.
040 _cBPK
041 _apol
942 _cKS
008 s pl f |000 0 pol
999 _c27141
_d27141
856 _uhttp://koha.tu.koszalin.pl/cgi-bin/koha/opac-detail.pl?biblionumber=27141
_yKatalog online BPK